Taylor Swift: False God lyrics - Statistics

General Stats
  • This quiz has been taken 796 times
  • The average score is 264 of 321
Answer Stats
Answer % Correct
I
99%
a
98%
We
98%
we
98%
you
98%
it
97%
this
97%
false
96%
go
96%
the
96%
to
96%
god
95%
for
93%
it's
92%
your
92%
in
91%
were
91%
we're
91%
still
90%
get
89%
love
89%
when
89%
with
89%
if
88%
just
88%
and
87%
even
87%
think
87%
might
86%
worship
86%
away
85%
crazy
85%
i'd
85%
is
85%
like
85%
can
84%
die
84%
do
84%
that
84%
you're
84%
i'm
83%
my
83%
remember
82%
said
82%
can't
81%
could
81%
hips
81%
talk
80%
how
79%
lips
79%
me
79%
New
79%
City
78%
we'd
78%
York
78%
jump
77%
stupid
77%
work
77%
babe
75%
not
75%
us
73%
favourite
72%
ocean
72%
but
70%
they
70%
altar
67%
religion's
67%
town
67%
blind
66%
by
66%
faith
65%
times
65%
about
64%
hell
64%
all
63%
fight
63%
say
63%
road
62%
staring
62%
know
61%
warned
60%
window
60%
gets
59%
lost
59%
there
59%
touch
59%
Village
59%
West
59%
hard
57%
heaven's
57%
thing
57%
honey
56%
led
56%
out
56%
so
54%
good
52%
up
52%
patch
49%
fly
46%
leave
46%
got
45%
ah
44%
scare
43%
wine
43%
daring
42%
try
41%
seperating
40%
make
38%
begging
37%
forgiveness
37%
confessions
32%
No matching quizzes found
Score Distribution
Percent of People with Each Score
Percentile by Number Answered
Your Score History
You have not taken this quiz